000 00419nam a2200145 i 4500
001 61240
003 ES-MaACL
005 20230906164416.0
007 t|
008 031111s1970 sp ||||1| spa d
245 0 0 _aEstatuto jurídico de Butano S.A.
_b: régimen legal de los gases licuables del petróleo.
260 _aMadrid :
_b[s.n.],
_c1970.
300 _a638 p. ;
_c21 cm.
852 _aES-MaACL
_jC-46907
_bR.74650
999 _c61240
_d61240